LEADER 04127nam 2200409 450 001 9910794036403321 005 20220521153857.0 010 $a3-8382-7436-9 035 $a(CKB)4100000011237558 035 $a(MiAaPQ)EBC6335786 035 $a(Au-PeEL)EBL6335786 035 $a(OCoLC)1153655823 035 $a(EXLCZ)994100000011237558 100 $a20220521d2020 uy 0 101 0 $ager 135 $aurcnu|||||||| 181 $ctxt$2rdacontent 182 $cc$2rdamedia 183 $acr$2rdacarrier 200 10$aAls die Demenz bei uns einzog und ich mir einen Roboter wu?nschte $eInnenansichten eines Demenzalltags /$fAnke Knopp 210 1$aStuttgart :$cibidem,$d[2020] 210 4$d©2020 215 $a1 online resource (275 pages) 320 $aIncludes bibliographical references. 327 $aIntro -- Danksagung -- Inhaltsverzeichnis -- Vorspann -- Plo?tzlich ist da ein Gast, der nie wieder auszieht -- Leben ohne Geist -- Lebenspla?ne -- Wie alles begann - auf einem Bein ab in die Demenz -- Licht aus! -- Lilo -- Nachts in der Notaufnahme -- Vollmachten und Folgen -- Diagnose Demenz - wenn sie da ist, was dann? -- Ich will nach Hause -- Menschenbild 1.0 -- Die Sache mit dem Kreuz -- Ku?nstliche Intelligenz und Co. -- A?rztemangel -- Auf dem Weg zum Cyborg -- Demenztourismus -- Neue Galaxie: Die Gerontopsychiatrische Abteilung -- Ich werde auf dem Platz erwartet! -- Die Erleuchtung -- Jedem Menschen seinen Roboter -- Der Schock - ab jetzt 24/7 -- Oh Roboter, hilf mir! -- Die Zeit zuhause -- Skurriles mit Anfang und ohne Ende -- Lass mich an deine Titten fassen -- Roboter Alice -- Nachbarschaft und Schnitzel -- Zwo?lf und vierundzwanzig macht einhundertfu?nfunddreißig -- To?ne, Poesie, Turm und Tod -- Do?rfer fu?r Demenz, smarte Sta?dte und virtuelle Orte der Erinnerung -- Allein zuhause -- Lebendig tot -- 55 Zoll und Tiefenscha?rfe -- Tor nach draußen -- Der richtige Klang zur richtigen Zeit - vom Butler geliefert -- Mit freundlichen Gru?ßen Ihrer Krankenkasse -- Amelia denkt mit -- Wo ist Mutter? -- Wiederfinden als Nebenjob -- Schlaue Helfer -- Urlaub mit Demenz -- Nach Hause telefonieren -- U?berwachung im eigenen Haus -- Gartenarbeit -- Wenn Dinge denken -- Ko?nnen Sie sich die Schuhe zu binden? -- Digitale Bewertung -- Die Blauback'sche Marie -- Einsteigen bitte! -- Das halbe Schwein geht u?ber die Ladentheke -- Von Klo und Kleidung -- Brot und Spiele -- Daten gestalten die demenzfreundliche Kommune -- 1.000 Tage und 1.000 und eine Nacht -- Einkaufen und Fotografie -- Digital Mental Health -- Bekanntschaft mit Wischmopp und Delir -- Implantate, unterschreiben Sie hier! -- Du schaffst das! Resilienz for Beginners -- Die schwarz-weiße Riesenelster. 327 $aDankbarkeit in Nullen und Einsen -- Gerontoabteilung mit Weihnachtsma?nnern -- Umsatteln auf ein u?berlegenes Tra?germedium -- Die Zeit im Heim -- Ankunft im neuen Leben -- Alltag im Heim -- Gott und Zeitenspru?nge -- Scheitern, jeden Tag scheitern -- Nachts im Heim und mystische Kra?fte erwachen -- Kollege Roboter rockt das Altenheim -- Wann spricht man vom Sterben - und wie lange dauert das? -- Vom Singen und Zwischento?nen -- Job ade? - unbezahlte Care-Arbeit juchhe! -- Trockene Tage und Na?chte: Windeln wickeln -- VR/AR-Lernen - Digitales Lernen im Pflegebereich -- Die Clownin kommt -- Keramikabteilung der Zukunft -- Bunte Smarties - Tabletten wider Willen -- Mehr Zeit fu?rs Ha?ndchenhalten -- Schwachstellen noch nicht kuriert -- Preiserho?hung um 50 Prozent -- Omi vor Waldlichtung in Gru?n und Gelb -- Der Tod hat viele Gesichter -- Selbstoptimierung versus Tod -- "Der Mensch will nicht sein, wie er ist." -- Literaturverzeichnis -- Publikationen -- Internetquellen -- Endnoten. 606 $aDementia$xPatients$xCare 615 0$aDementia$xPatients$xCare. 676 $a616.83 700 $aKnopp$b Anke$01468501 801 0$bMiAaPQ 801 1$bMiAaPQ 801 2$bMiAaPQ 906 $aBOOK 912 $a9910794036403321 996 $aAls die Demenz bei uns einzog und ich mir einen Roboter wu?nschte$93679763 997 $aUNINA LEADER 01320nam2 22003133i 450 001 VAN00096732 005 20240806100704.800 020 $aIT$b70 2735 100 $a20140207d1954 |0itac50 ba 101 $aita 102 $aIT 105 $a|||| ||||| 200 1 $aˆ3.2.1-2: La ‰filiazione$fAntonio Cicu. Gli alimenti$fGuido Tedeschi 205 $aRistampa riveduta della 2. ed 210 $aTorino$cUnione tipografico-editrice torinese$d1954 215 $aXIII, 455 p.$d24 cm 461 1$1001VAN00004809$12001 $aTrattato di diritto civile italiano$fredatto da diversi giureconsulti sotto la direzione di Filippo Vassalli$1210 $aTorino$cUnione tipografica editrice torinese$1215 $avol.$d25 cm.$v3.2.1-2 606 $aFiliazione$3VANC000599$2FI 620 $dTorino$3VANL000001 676 $a347.6$v21 700 1$aCicu$bAntonio$3VANV001377$0226775 701 1$aTedeschi$bGuido$3VANV006195$0228580 712 $aUTET $3VANV107949$4650 801 $aIT$bSOL$c20240906$gRICA 899 $aBIBLIOTECA DEL DIPARTIMENTO DI GIURISPRUDENZA$1IT-CE0105$2VAN00 912 $aVAN00096732 950 $aBIBLIOTECA DEL DIPARTIMENTO DI GIURISPRUDENZA$d00CONS FTA.196 (3.2.1-2) $e00FTN6913 20140207 996 $aFiliazione$9689708 997 $aUNICAMPANIA